| 000 | 00414nam a22001697a 4500 | ||
|---|---|---|---|
| 003 | SGT | ||
| 020 | _a9781498796507 | ||
| 082 |
_a617 _bB18W |
||
| 100 | _aWILLIAM, NORMAN,ed. | ||
| 245 | _aBAILY & LOVE'S SHORT PRACTICE OF SURGERY | ||
| 250 | _a27TH | ||
| 260 |
_aGREAT BRITAIN _bCRC PRESS. _c2018 |
||
| 300 | _a797 | ||
| 650 | _aSURGERY | ||
| 653 | _a PRACTICE , SURGERY PRACTICE OF SURGERY | ||
| 942 |
_2ddc _cBK |
||
| 999 |
_c22899 _d22899 |
||